00463 2200181 4500001002100000005001500021008004100036020001800077035001900095041000700114082000800121090001400129100001700143245003600160260002600196300001800222650004100240INLIS00000000001672920241224115159241224||||||||| | ||| |||| || |  a979-24-5623-6 0010-1224016729 aid0 a634 a634 NEN p0 aNeni Suhaeni00aPETUNJUK PRAKTIS MENANAM DURIAN aBandungbJembarc2007 a60hlm;15x21cm 0aPertanian & Teknologi Yang Berkaitan